000 00498nam a2200193Ia 4500
005 20260429112217.0
008 260429s9999||||xx |||||||||||||| ||und||
020 _a9789385330261
041 _aEnglish
082 _a305.5688
_bDOG
100 _aDogra, Rita
245 0 _aDalit theology and Dalit liberation /
_cRita Dogra
260 _aNew Delhi :
_bAstha Publishers,
_c2025.
300 _ax, 246 p.; hb
650 _a Dalits
650 _a Social levels
650 _aPeople
942 _cTB
999 _c52910
_d52910